• 首页
  • 本馆介绍
  • 公告通知
  • 最新文献
  • 馆藏检索
  • 电子资源
  • 读者导购
  • 参考咨询
  • 我的图书馆
  • 登录
  • 详细信息显示
  • 放入我的书架
  • 预约/预借图书
  • 作者相关作品
  • 分类相关作品
  • 丛书相关作品
  • 出版社相关作品

书目信息

  • 表格格式
  • 工作单格式
  • 卡片格式
题名:
DDZ-2型电动单元组合仪表
    
 
作者: ;河北电力学院热测量与自动化教研组 编
分册:  
出版信息: 北京   水利电力出版社  1975
页数: 344页
开本: 20cm
丛书名:
单 册:
中图分类: TH862
科图分类:
主题词: 电动仪表:单元组合仪表 , 单元组合仪表:电动仪表
电子资源:
ISBN:
000 00827nam0 2200241 45
001 0175002161
005 20060805110736.01
010    @dCNY0.90
100    @a19951018d1975 em y0chiy0121 ea
101 0  @achi
102    @aCN@b110000
105    @ay z 000yy
200 10 @aDDZ-2型电动单元组合仪表@ADDZ-2 xing dian dong dan yuan zu he yi biao@f河北电力学院热测量与自动化教研组编
210    @a北京@c水利电力出版社@d1975
215    @a344页@d20cm
517 1  @aDDZ2型电动单元组合仪表@ADDZ2 xing dian dong dan yuan zu he yi biao
606    @a电动仪表:单元组合仪表
606    @a单元组合仪表:电动仪表
690    @aTH862@v3
711 02 @a河北电力学院热测量与自动化教研组@Ahe bei dian li xue yuan re ce liang yu zi dong hua jiao yan zu@4编
801  0 @aCN@bTSSF@c20060805
801  2 @aCN@bNLC@c20060718
905    @a10447@dTH862@e9
    
    DDZ-2型电动单元组合仪表/河北电力学院热测量与自动化教研组编.-北京:水利电力出版社,1975
    344页;20cm
    
    
    ISBN :CNY0.90
    
●
相关链接 在E读中查询图书 在五车中查询图书 在当当中查询图书 在豆瓣中查询图书


正题名:DDZ-2型电动单元组合仪表     索取号:TH862/9         预约/预借

序号 登录号 条形码 馆藏地/架位号 状态 备注
1 0437294   204372945   密集书库/ [索取号:TH862/9] 在馆    
2 0437384   204373846   密集书库/ [索取号:TH862/9] 在馆    
3 0451561   204515612   密集书库/ [索取号:TH862/9] 在馆    
唐山师范学院图书馆 欢迎您!
大连网信软件有限公司© 版权所有